Score 0/20 Timer 02:30
2 Plays Today
Question Answer Wrong Answers
Yoenis Cespedes MLB Player
83.7%
Star Wars Character
10.1%
Shin-Soo Choo MLB Player
82.4%
Star Wars Character
11.2%
Wilhuff Tarkin Star Wars Character
81.4%
MLB Player
12.7%
Jyn Erso Star Wars Character
80.6%
MLB Player
12.9%
Wedge Antilles Star Wars Character
80%
MLB Player
13.7%
Yu Darvish MLB Player
80%
Star Wars Character
13.8%
Nien Nunb Star Wars Character
78.8%
MLB Player
14.9%
Armitage Hux Star Wars Character
76.1%
MLB Player
17.4%
Nute Gunray Star Wars Character
74.9%
MLB Player
18.4%
Chance Sisco MLB Player
74.7%
Star Wars Character
19%
Chasen Shreve MLB Player
72.3%
Star Wars Character
21%
Yorvit Torrealba MLB Player
70%
Star Wars Character
23.9%
Rougned Odor MLB Player
69%
Star Wars Character
24.6%
Tiaan Jerjerrod Star Wars Character
64.8%
MLB Player
28.9%
Saw Gerrera Star Wars Character
61.3%
MLB Player
32.2%
Jair Jurrjens MLB Player
61%
Star Wars Character
32.8%
Razor Shines MLB Player
60.3%
Star Wars Character
32.9%
Sy Snootles Star Wars Character
60.2%
MLB Player
33.4%
Zam Wesell Star Wars Character
58.8%
MLB Player
34.6%
Drungo Hazewood MLB Player
51.2%
Star Wars Character
42.3%

Today's Daily Dose

You're not logged in!

Compare scores with friends on all Sporcle quizzes.
OR
Log In

Sporcle TV

Today on Sporcle TV


Watch our educational content, quiz creation guides, and fun videos on Sporcle TV.

Show Comments

Extras

Top Quizzes Today


Score Distribution

Paid Content

Your Account Isn't Verified!

In order to create a playlist on Sporcle, you need to verify the email address you used during registration. Go to your Sporcle Settings to finish the process.

Report this User

Report this user for behavior that violates our Community Guidelines.

Details: